00946 2200421 4500001002100000005001500021035002000036008004100056245006100097100001800158250000600176260003200182300001200214020002200226084001400248082000800262650001400270990001200284990001200296990001200308990001200320990001200332990001200344990001200356990001200368990001200380990001200392990001200404990001200416990001200428990001200440990001200452990001200464990001200476990001200488990001200500990001200512INLIS00000000000012720240502110352 a0010-0424000103240502 0 ind 1 aSeni Budaya XII Smstr 1 ( Edisi Revisi ) /cAgus Budiman aBudiman, Agus a1 aJakarta :bKEMDIKBUD,c2018 a214 hlm a978-602-427-142-8 a700 AGU s a700 4aNon Fiksi a0737269 a0737270 a0737271 a0737272 a0737273 a0737274 a0737275 a0737276 a0737277 a0737278 a0737279 a0737280 a0737281 a0737282 a0737283 a0737284 a0737285 a0737286 a0737287 a0737288